Análisis de necesidades e intereses recreativos de las personas adultas mayores del albergue San José Obregón, del cantón de Siquirres: propuesta recreativa. = Analysis of recreational necessities and interests of senior citizens from Albergue San José Obrero in Siquirres : recreational proposal /
Este artículo comprende el análisis de las necesidades y los intereses recreativos de las personas adultas mayores del "Albergue San José Obrero" del cantón de Siquirres, y una propuesta recreativa que se ajusta a sus requerimientos. El enfoque utilizado fue cualitativo de investigación -a...
Guardat en:
| Autor principal: | |
|---|---|
| Format: | Text |
| Matèries: | |
| Etiquetes: |
Afegir etiqueta
Sense etiquetes, Sigues el primer a etiquetar aquest registre!
|
MARC
| LEADER | 00000 a a2200000 04500 | ||
|---|---|---|---|
| 001 | 42180 | ||
| 003 | |||
| 040 | |||
| 100 | |a Romero Morales, Grettel | ||
| 245 | |a Análisis de necesidades e intereses recreativos de las personas adultas mayores del albergue San José Obregón, del cantón de Siquirres: propuesta recreativa. = |b Analysis of recreational necessities and interests of senior citizens from Albergue San José Obrero in Siquirres : recreational proposal / |c Grettel Romero Morales | ||
| 500 | |a grerm@hotmail.com | ||
| 520 | |a Este artículo comprende el análisis de las necesidades y los intereses recreativos de las personas adultas mayores del "Albergue San José Obrero" del cantón de Siquirres, y una propuesta recreativa que se ajusta a sus requerimientos. El enfoque utilizado fue cualitativo de investigación -acción y se utilizó la entrevista cualitativa, la discusión de grupo focal, la lista de cotejo y el diario de campo como instrumentos de medición. El estudio mostró la necesidad en esta población de mantener su condición física y cognoscitiva, su vinculación con la sociedad, el sentido de utilidad y autosuficiencia; además del interés por participar en manualidades, paseos, actividades de aprendizaje, actividad física, siembra, pesca, cuentos, bingo y actividades culinarias. | ||
| 590 | |a RRA/FEBRERO2012 | ||
| 650 | |a 1. OCIO | ||
| 650 | |a 2. ADULTEZ MAYOR | ||
| 650 | |a 3. ENVEJECIMIENTO | ||
| 650 | |a 4. CALIDAD DE LA VIDA | ||
| 650 | |2 Macrothesaurus de la OCDE |a 5. EVALUACION | ||
| 650 | |a 6. COSTA RICA | ||
| 773 | |g volumen34, número2 ( , 2010), páginas 133-152 : tablas | ||
| 999 | |c 37186 |d 37186 | ||
